Business Statistics (Record no. 20043)

MARC details
000 -LEADER
fixed length control field 00342nam a22001457a 4500
008 - FIXED-LENGTH DATA ELEMENTS--GENERAL INFORMATION
fixed length control field 230524b |||||||| |||| 00| 0 eng d
020 ## - INTERNATIONAL STANDARD BOOK NUMBER
ISBN 9789390727063
100 ## - MAIN ENTRY--AUTHOR NAME
Personal name N. D. Vohra
245 ## - TITLE STATEMENT
Title Business Statistics
250 ## - EDITION STATEMENT
Edition statement 2nd Ed.
260 ## - PUBLICATION, DISTRIBUTION, ETC. (IMPRINT)
Place of publication Chennai
Name of publisher McGraw Hill Pub.
Year of publication 2022
300 ## - PHYSICAL DESCRIPTION
Number of Pages 755
546 ## - LANGUAGE NOTE
Language note English
942 ## - ADDED ENTRY ELEMENTS (KOHA)
Source of classification or shelving scheme Dewey Decimal Classification
Koha item type Books
Holdings
Accession Number Cost, normal purchase price Bill Date Source of acquisition Price effective from Koha item type Withdrawn / writtenoff status Damaged status Not for loan Permanent Location Current Location Shelving location Date acquired Lost/ Missing status department
LLB 628 799.00 13-5-2023 ABD Publisher, Jammu 05/24/2023 Books     Not For Loan MIET Library, Jammu MIET Library, Jammu 184/1 05/15/2023   BBA LLB
LLB 629 799.00 13-5-2023 ABD Publisher, Jammu 05/24/2023 Books       MIET Library, Jammu MIET Library, Jammu 182/5 05/15/2023   BBA LLB
LLB 630 799.00 13-5-2023 ABD Publisher, Jammu 05/24/2023 Books       MIET Library, Jammu MIET Library, Jammu 182/5 05/15/2023   BBA LLB
LLB 631 799.00 13-5-2023 ABD Publisher, Jammu 05/24/2023 Books       MIET Library, Jammu MIET Library, Jammu 182/5 05/15/2023   BBA LLB
LLB 632 799.00 13-5-2023 ABD Publisher, Jammu 05/24/2023 Books       MIET Library, Jammu MIET Library, Jammu 182/5 05/15/2023   BBA LLB
LLb 825 799.00 13-5-2023 ABD Jammu. 05/30/2023 Books       MIET Library, Jammu MIET Library, Jammu 182/5 05/26/2023   BBA LLB
LLb 826 799.00 13-5-2023 ABD Jammu. 05/30/2023 Books       MIET Library, Jammu MIET Library, Jammu 182/5 05/26/2023   BBA LLB
LLb 827 799.00 13-5-2023 ABD Jammu. 05/30/2023 Books       MIET Library, Jammu MIET Library, Jammu 182/5 05/26/2023   BBA LLB
LLb 828 799.00 13-5-2023 ABD Jammu. 05/30/2023 Books       MIET Library, Jammu MIET Library, Jammu 182/5 05/26/2023   BBA LLB
LLb 829 799.00 13-5-2023 ABD Jammu. 05/30/2023 Books       MIET Library, Jammu MIET Library, Jammu 182/5 05/26/2023   BBA LLB